Edstaff Ltd v Anglo Overseas Group (Properties) Ltd (Record no. 80271)
[ view plain ]
| 000 -LEADER | |
|---|---|
| fixed length control field | 01539cad a22001935a 4500 |
| 001 - CONTROL NUMBER | |
| control field | L143775 |
| 008 - FIXED-LENGTH DATA ELEMENTS--GENERAL INFORMATION | |
| fixed length control field | 080530e20080219xxk f v 000 0 eng d |
| 035 ## - SYSTEM CONTROL NUMBER | |
| System control number | (Sirsi) u143775 |
| 041 0# - LANGUAGE CODE | |
| Language code of text/sound track or separate title | eng |
| 245 00 - TITLE STATEMENT | |
| Title | Edstaff Ltd v Anglo Overseas Group (Properties) Ltd |
| Medium | [electronic resource] |
| 260 ## - PUBLICATION, DISTRIBUTION, ETC. | |
| Date of publication, distribution, etc. | 2008 |
| 520 ## - SUMMARY, ETC. | |
| Summary, etc. | [2008] EWCA Civ 243. A small claim ended up in the Court of Appeal because the decision of a lower court was wrong. The appellant landlord (A) allowed a company (E) licenses to occupy its premises for 18 months and agreed a discount if E paid all the rent in advance. E asked A to waive its one-month notice period to provide it with some security of occupancy. A agreed. E then left early, with one month's notice, and got a refund of the rent paid in advance from the County Court. E argued that the waiver of notice period did not apply to the tenant, only the landlord. Held: appeal allowed. The decision was reversed because the original decision was plainly wrong and there was no evidence to support it. A was entitled to keep all licence fees. The case shows that justice through the courts can take time and be very costly. |
| 590 ## - LOCAL NOTE (RLIN) | |
| Local note | KA |
| 650 24 - SUBJECT ADDED ENTRY--TOPICAL TERM | |
| Topical term or geographic name entry element | EDSTAFF LTD V ANGLO OVERSEAS GROUP (PROPERTIES) LTD |
| 651 #4 - SUBJECT ADDED ENTRY--GEOGRAPHIC NAME | |
| Geographic name | England and Wales |
| Chronological subdivision | 1543- |
| 690 ## - LOCAL SUBJECT ADDED ENTRY--TOPICAL TERM (OCLC, RLIN) | |
| Topical term or geographic name as entry element | PROPERTY-COMMERCIAL PROPERTY-COMMERCIAL LANDLORD AND TENANT-COMMERCIAL LEASES-ASSIGNMENT OF COMMERCIAL LEASES |
| 856 40 - ELECTRONIC LOCATION AND ACCESS | |
| Uniform Resource Identifier | <a href="https://www.bailii.org/ew/cases/EWCA/Civ/2008/243.html">https://www.bailii.org/ew/cases/EWCA/Civ/2008/243.html</a> |
| Public note | View the judgment free of charge at www.baiili.org... |
| 942 ## - ADDED ENTRY ELEMENTS (KOHA) | |
| Suppress in OPAC | 0 |
| Withdrawn status | Lost status | Source of classification or shelving scheme | Damaged status | Not for loan | Home library | Current library | Shelving location | Date acquired | Total Checkouts | Full call number | Barcode | Date last seen | Copy number | Price effective from | Koha item type |
|---|---|---|---|---|---|---|---|---|---|---|---|---|---|---|---|
| Dewey Decimal Classification | Virtual | Virtual | Online | 30/05/2008 | ONLINE PUBLICATION | 143775-2001 | 06/08/2019 | 1 | 06/08/2019 | Law report |